Ciencia y tecnología / (Record no. 187644)

MARC details
000 -LEADER
campo de control de longitud fija 01123nam a2200301 i 4500
001 - NÚMERO DE CONTROL
campo de control 187644
003 - IDENTIFICADOR DE NÚMERO DE CONTROL
campo de control ES-MaACL
005 - FECHA Y HORA DE LA ÚLTIMA TRANSACCIÓN
campo de control 20250815051006.0
008 - DATOS DE LONGITUD FIJA--INFORMACIÓN GENERAL
campo de control de longitud fija 171214s2009 sp ad |||| | spa d
020 ## - NÚMERO INTERNACIONAL ESTÁNDAR DEL LIBRO
Número Internacional Estándar del Libro 978-84-9742-852-1
080 ## - NÚMERO DE LA CLASIFICACIÓN DECIMAL UNIVERSAL
Número de la Clasificación Decimal Universal 62/69(460)"19"
245 00 - MENCIÓN DEL TÍTULO
Título Ciencia y tecnología /
Mención de responsabilidad, etc. Carlos Sánchez del Río, Emilio Muñoz y Enrique Alarcón, editores.
260 ## - PUBLICACIÓN, DISTRIBUCIÓN, ETC.
Lugar de publicación, distribución, etc. Madrid :
Nombre del editor, distribuidor, etc. Biblioteca Nueva,
Fecha de publicación, distribución, etc. [2009]
300 ## - DESCRIPCIÓN FÍSICA
Extensión 1122 p. :
Otras características físicas il., gráf. ;
Dimensiones 25 cm.
490 1# - MENCIÓN DE SERIE
Mención de serie España Siglo XXI ;
Designación de volumen o secuencia 4
504 ## - NOTA DE BIBLIOGRAFÍA, ETC.
Nota de bibliografía, etc. Bibliografía.
505 8# - NOTA DE CONTENIDO CON FORMATO
Nota de contenido con formato Contiene: Ciencias exactas y física y química . Biología . Tecnología
650 #4 - PUNTO DE ACCESO ADICIONAL DE MATERIA--TÉRMINO DE MATERIA
Término de materia o nombre geográfico como elemento de entrada Ciencia-
Subdivisión geográfica España-
Subdivisión cronológica S.XX.
9 (RLIN) 10946
650 #4 - PUNTO DE ACCESO ADICIONAL DE MATERIA--TÉRMINO DE MATERIA
Término de materia o nombre geográfico como elemento de entrada Tecnología-
Subdivisión geográfica España-
Subdivisión cronológica S.XX.
9 (RLIN) 17405
700 1# - ENTRADA AGREGADA--NOMBRE PERSONAL
Nombre de persona Sánchez del Río, Carlos.
9 (RLIN) 102608
700 1# - ENTRADA AGREGADA--NOMBRE PERSONAL
Nombre de persona Muñoz, Emilio,
Fechas asociadas al nombre 1937-
9 (RLIN) 164911
700 1# - ENTRADA AGREGADA--NOMBRE PERSONAL
Nombre de persona Alarcón, Enrique.
9 (RLIN) 19125
830 10 - PUNTO DE ACCESO ADICIONAL DE SERIE-TÍTULO UNIFORME
Título uniforme España siglo XXI (Biblioteca Nueva)
Designación de volumen o secuencia 4
9 (RLIN) 192811
852 4# - LOCALIZACIÓN
Ubicación ES-MaACL
Número de control de estantería A-14142
itemnumber 194731
Sublocalización o colección R.151327
Ubicación en estantería Depósito 1
Signatura antigua Olim: N-7142
914 ## - NOMBRE ENTIDAD DE DONANTE
RLIN 6336
Nombre de congreso/reunión o jurisdicción como elemento de entrada Real Academia Española
942 ## - ELEMENTOS DE ENTRADA SECUNDARIOS (KOHA)
Fuente del sistema de clasificación o colocación Clasificación decimal universal
Tipo de ítem Koha Libro impreso
Holdings
Estatus retirado Estado de pérdida Fuente del sistema de clasificación o colocación Estado de daño No para préstamo Biblioteca de origen Biblioteca actual Ubicación en estantería Fecha de adquisición Fuente de adquisición Total de préstamos Signatura topográfica completa Código de barras Visto por última vez Precio de reemplazo Tipo de ítem Koha
    Clasificación decimal universal     Biblioteca del Ateneo de Madrid Biblioteca del Ateneo de Madrid Depósito 1 14/12/2017 Donación   A-14142 1198196 23/02/2023 23/02/2023 Libro impreso